000 00579nam a2200157 a 4500
001 000027987
005 20200930031245.0
008 110406s19uu dr a 000 0 spa d
040 _aDO-SdBNP
_bspa
_cBNPHU
082 _axxx
_bR426d
110 1 _aRepública Dominicana
_bSecretaría de Estado de Deportes, Educación Física y Recreación
_936997
245 1 0 _aDesiciones dictadas por los arbritros de mini basket.
260 _aSanto Domingo :
_bSecretaría de Estado de Deportes, Educación Física y Recreación,
_c[19--?].
300 _a16 p. :
_bil. ;
_c22 cm.
049 _aBNPD
999 _c27479
_d27479